Rethinking local governance: hierarchies and networks in Mexican cities /

Guardat en:
Dades bibliogràfiques
Autor principal: Porras, Francisco
Format: Text
Matèries:
Etiquetes: Afegir etiqueta
Sense etiquetes, Sigues el primer a etiquetar aquest registre!

MARC

LEADER 00000 a a2200000 04500
001 16289
003
040
100 |a Porras, Francisco  
245 |a Rethinking local governance:   |b hierarchies and networks in Mexican cities /  |c Francisco Porras 
650 |a GOBIERNO LOCAL  
650 |a POLITICA  
650 |a PARTIDOS POLITICOS  
650 |a MEXICO  
773 |g número 83; páginas 43-59  
999 |c 23456  |d 23456